Fr. Conceicao Rodrigues College of Engineering

SCO unix system V development system:Code view debgger macro assembler users guide (Record no. 26587)

MARC details
000 -LEADER
fixed length control field 00326nam a2200121Ia 4500
082 ## - DEWEY DECIMAL CLASSIFICATION NUMBER
Classification number 5.43
Item number SCO
100 ## - MAIN ENTRY--PERSONAL NAME
Personal name Santacruz operation Inc
245 ## - TITLE STATEMENT
Title SCO unix system V development system:Code view debgger macro assembler users guide
260 ## - PUBLICATION, DISTRIBUTION, ETC.
Name of publisher, distributor, etc. Santacruz Operation Inc.
546 ## - LANGUAGE NOTE
Language note ENGLISH
654 ## - SUBJECT ADDED ENTRY--FACETED TOPICAL TERMS
Focus term unix
942 ## - ADDED ENTRY ELEMENTS (KOHA)
Koha item type BOOK
Holdings
Withdrawn status Lost status Damaged status Not for loan Collection Home library Current library Shelving location Date acquired Cost, normal purchase price Total Checkouts Full call number Barcode Date last seen Cost, replacement price Price effective from Koha item type
        CRC Fr. Agnel's C.Rodrigues College of Engineering Fr. Agnel's C.Rodrigues College of Engineering   17/03/2023 362.50   5.43 SCO 4135 17/03/2023 362.50 17/03/2023 BOOK